Banner

Lugar común (Registro nro. 3037)

Detalles MARC
000 -CABECERA
campo de control de longitud fija 00500nam a22001937a 4500
008 - ELEMENTOS DE LONGITUD FIJA -- INFORMACION GENERAL
campo de control de longitud fija 240920b ag ||||| |||| 00| 0 spa d
020 ## - NUMERO INTERNACIONAL NORMALIZADO PARA LIBROS (ISBN)
International Standard Book Number 978-950-23-1767-0
080 ## - NUMERO DE CLASIFICACION DECIMAL UNIVERSAL (CDU)
Número de la Clasificación Decimal Universal 392.85
100 ## - ASIENTO PRINCIPAL--NOMBRE PERSONAL
Nombre personal Chejter, Silvia
Enlace autoridades 2431
245 ## - MENCION DE TITULO
Título propiamente dicho Lugar común
Parte restante del título La prostitución
260 ## - PUBLICACION, DISTRIBUCION, ETC. (PIE DE IMPRENTA)
Lugar de publicación, distribución, etc. Buenos Aires
Nombre del editor, distribuidor, etc. EUDEBA
Fecha de publicación, distribución, etc. 2010
300 ## - DESCRIPCION FISICA
Extensión 150 p.
650 ## - ASIENTO SECUNDARIO DE MATERIA - TERMINO TEMATICO
Término temático o nombre geográfico como elemento de entrada Prostitución
Enlace autoridades 702
650 ## - ASIENTO SECUNDARIO DE MATERIA - TERMINO TEMATICO
Término temático o nombre geográfico como elemento de entrada Sexualidad
Enlace autoridades 325
650 ## - ASIENTO SECUNDARIO DE MATERIA - TERMINO TEMATICO
Término temático o nombre geográfico como elemento de entrada Explotación sexual
Enlace autoridades 2432
650 ## - ASIENTO SECUNDARIO DE MATERIA - TERMINO TEMATICO
Término temático o nombre geográfico como elemento de entrada Violencia
Enlace autoridades 1046
651 ## - ASIENTO SECUNDARIO DE MATERIA - NOMBRE GEOGRAFICO
Fuente del encabezamiento o término LEMB
Enlace autoridades 1736
Existencias
Retirado Perdido Dañado No se presta Ubicación permanente Locación actual Estante o sala Fecha de adquisición Fuente de adquisición Signatura topográfica Inventario Ultima fecha vista Tipo de item de Koha
      Disponible para préstamo Biblioteca Cs. de la Salud y Trabajo Social Biblioteca Cs. de la Salud y Trabajo Social Secretaria de políticas de género 20/09/2024 DO Secretaria de Políticas de Género 392.85 C515 4073 20/09/2024 LIBRO

XHTML | CSS | ©Biblioteca Central - Dto. Tecnología de la Información - [ Con tecnología Koha ]